000 nam a22 7a 4500
999 _c7164
_d7164
008 170725b xxu||||| |||| 00| 0 eng d
020 _a978938179708
100 _93740
_aAgarwal Aditiya
245 _aSample Question Papers
260 _aMeerut
_bArihant Publication